000
00485nam a2200181Ia 4500
008
090124s9999 xx 000 0 und d
082
_b
38545
100
_a
पाटील आनंद
245
_a
तुळव
250
_a
1
260
_b
ग्रंथाली प्रकाशन
_c
2002
300
_a
184
600
_a
पाटील आनंद
630
_a
तुळव
700
_a
पाटील आनंद
730
_a
तुळव
942
_c
BOOK
999
_c
104564
_d
104564